Gaming Quiz

Random Gaming Quiz

Smash Bros. Characters by Unlock Criteria Quiz Stats

 Plays Quiz not verified by Sporcle

Challenge
Share
Tweet
Embed
Score 0/29 Timer 12:00
0 Plays Today
Unlock Criteria Character % Correct
Complete Boss Battles with Fox or Falco or 450 VS MatchesWolf
78.2%
Clear Classic/Adventure with Marth or 900 VS MatchesRoy
76.6%
Clear 1P Mode on any difficultyJigglypuff
76.2%
Complete the 1st level of Adventure with a 2 in the seconds digit then win the next match in under 1 minute or 800 VS matchesLuigi
74.9%
Clear Classic/Adventure with 10 Characters (2 must be Zelda series Characters) or 500 VS MatchesYoung Link
74.9%
Clear 1P Mode in under 20 min.Captain Falcon
74.5%
Clear 1P Mode on normal with 3 lives without continuingNess
74.5%
Clear Classic (No Continues) with Mario or 100 VS MatchesDr. Mario
74.5%
Play 20 Combined Hours of VS Mode or 700 VS MatchesMewtwo
74.5%
Clear Classic on Hard with Link or Zelda or 200 VS MatchesGanondorf
74.5%
Complete Break the Targets with the 8 original charactersLuigi
73.6%
Complete Event 37, clear Adventure with Mewtwo, or 200 VS MatchesPichu
73.2%
Clear Classic/Adventure/Target Smash with all other Characters or 1000 VS MatchesMr. Game & Watch
72.8%
Clear 100 Man Melee or 300 VS MatchesFalco
72.4%
Play 15 VS Matches on Shadow Moses Island or 130 VS MatchesSnake
72.4%
Unlock Criteria Character % Correct
Complete Event 29 or 600 VS MatchesGanondorf
69.9%
Complete Classic/Adventure or 50 VS MatchesJigglypuff
68.6%
Reflect 10 Projectiles or 5 VS MatchesNess
68.6%
After Completing the Subspace Emissary Clear Classic Mode or 400 VS MatchesToon Link
67.4%
Play and Clear Classic or VS Mode with all 14 default characters or 400 VS MatchesMarth
66.9%
Play 10 Combined Hours of Brawls, Complete Classic with 10 Characters, or 300 VS MatchesSonic
65.7%
After Clearing the Subspace Emissary Clear 20 Events or Play 350 VS MatchesJigglypuff
65.3%
Clear 100 Man Brawl or 50 VS MatchesFalco
64%
Finish Classic Mode or 10 VS MatchesMarth
62.8%
Beat Classic Mode with no continues or 22 VS MatchesLuigi
61.9%
Get 250 Trophies or 160 VS MatchesR.O.B.
61.9%
Beat Classic on normal in under 12 minutes or 70 VS MatchesCaptain Falcon
61.5%
Clear Target Smash on all difficulties with 1 Character or 100 VS MatchesLucario
59.4%
Clear Target Smash with 30 Characters on any Difficulty or 250 VS MatchesMr. Game & Watch
55.6%

You're not logged in!

Compare scores with friends on all Sporcle quizzes.
OR
Log In

You Might Also Like...

Show Comments

Extras

Created Sep 27, 2010ReportNominate
Tags:brawl, melee, Super Smash Bros, unlock

Top Quizzes Today


Score Distribution

Your Account Isn't Verified!

In order to create a playlist on Sporcle, you need to verify the email address you used during registration. Go to your Sporcle Settings to finish the process.

Report this User

Report this user for behavior that violates our Community Guidelines.

Details: